Copia de lo que el Obispo de Valladolid, escribe al señor don Diego de Malpartida Zenteno Deán de la Santa Iglesia de México sobre el punto y controversia del Tribunal del Santo Oficio de la Inquisición

Detalles Bibliográficos
Otros Autores: Diego de Malpartida Zenteno
Formato: Libro
Publicado: s.l., s.f.
Materias:
Colección:Banco de datos
Acervo:Biblioteca Palafoxiana. Colección de Manuscritos
Descripción Física:11 f. ; 32 x 21 cm.
Tema general:Eclesiástica
LEADER 00557nam a22001450004500
035 |a 1629 
245 1 0 |a Copia de lo que el Obispo de Valladolid, escribe al señor don Diego de Malpartida Zenteno Deán de la Santa Iglesia de México sobre el punto y controversia del Tribunal del Santo Oficio de la Inquisición 
260 |a s.l., s.f. 
300 |a 11 f. ; 32 x 21 cm. 
650 1 0 |a Eclesiástica 
700 1 |a Diego de Malpartida Zenteno 
949 |a 32282/050 
942 |c PALAMANU 
943 |g Biblioteca Palafoxiana. Colección de Manuscritos 
999 |c 1069574  |d 1069574